| 000 | nam a22 7a 4500 | ||
|---|---|---|---|
| 999 |
_c330106 _d330106 |
||
| 003 | NUST | ||
| 005 | 20170608120103.0 | ||
| 008 | 170608b xxu||||| |||| 00| 0 eng d | ||
| 020 | _a9788131315033 | ||
| 040 | _c0 | ||
| 082 | _a551.498 ZAI | ||
| 100 |
_aZaidi,Dr.Wasi ahmad _92270 |
||
| 245 |
_aGround Water _cDr.Wasi Ahmad Zaidi |
||
| 260 |
_aNew Delhi _bAPH Publishing Corporation _c2012 |
||
| 300 | _a114p. | ||
| 500 | _aH.B | ||
| 942 |
_2ddc _cBK _k551.498 ZAI |
||